[Event "PK Jeugd 2020 B"]
[Site "Eindhoven, Netherlands"]
[Date "????.??.??"]
[Round "7.4"]
[White "Slagboom, Leandro"]
[Black "Li-Behn, Tobias"]
[Result "1-0"]
[WhiteElo "1970"]
[BlackElo "1618"]

1. Nf3 {[%clk 00:55:17]} {[%emt 00:00:03]} Nf6 {[%clk 00:55:19]} {[%emt
00:00:02]} 2. c4 {[%clk 00:55:12]} {[%emt 00:00:14]} c5 {[%clk 00:55:23]}
{[%emt 00:00:06]} 3. b3 {[%clk 00:55:15]} {[%emt 00:00:07]} g6 {[%clk
00:54:52]} {[%emt 00:00:41]} 4. Bb2 {[%clk 00:55:21]} {[%emt 00:00:05]} Bg7
{[%clk 00:54:55]} {[%emt 00:00:07]} 5. g3 {[%clk 00:55:25]} {[%emt 00:00:05]}
b6 {[%clk 00:54:47]} {[%emt 00:00:18]} 6. Bg2 {[%clk 00:55:31]} {[%emt
00:00:05]} Bb7 {[%clk 00:54:51]} {[%emt 00:00:06]} 7. O-O {[%clk 00:55:36]}
{[%emt 00:00:05]} O-O {[%clk 00:54:56]} {[%emt 00:00:06]} 8. d4 {[%clk
00:55:37]} {[%emt 00:00:09]} d6 {[%clk 00:53:04]} {[%emt 00:02:01]} 9. d5
{[%clk 00:55:23]} {[%emt 00:00:25]} Nbd7 {[%clk 00:52:55]} {[%emt 00:00:19]} 10.
Nc3 {[%clk 00:48:14]} {[%emt 00:07:18]} a6 {[%clk 00:50:41]} {[%emt 00:02:24]}
11. Qd3 {[%clk 00:42:58]} {[%emt 00:05:26]} Ng4 {[%clk 00:48:24]} {[%emt
00:02:27]} 12. e4 {[%clk 00:40:57]} {[%emt 00:02:11]} Nge5 {[%clk 00:41:43]}
{[%emt 00:06:51]} 13. Nxe5 {[%clk 00:40:56]} {[%emt 00:00:12]} Nxe5 {[%clk
00:41:45]} {[%emt 00:00:07]} 14. Qe2 {[%clk 00:40:23]} {[%emt 00:00:42]} f6
{[%clk 00:41:00]} {[%emt 00:00:55]} 15. f4 {[%clk 00:36:07]} {[%emt 00:04:26]}
Nf7 {[%clk 00:41:07]} {[%emt 00:00:04]} 16. Nd1 {[%clk 00:32:27]} {[%emt
00:03:50]} Qc7 {[%clk 00:40:45]} {[%emt 00:00:31]} 17. Re1 {[%clk 00:30:40]}
{[%emt 00:01:58]} Rfe8 {[%clk 00:39:13]} {[%emt 00:01:42]} 18. Nf2 {[%clk
00:29:16]} {[%emt 00:01:34]} Bc8 {[%clk 00:38:52]} {[%emt 00:00:32]} 19. Nd3
{[%clk 00:26:17]} {[%emt 00:03:09]} e5 {[%clk 00:32:42]} {[%emt 00:06:20]} 20.
dxe6 {[%clk 00:26:00]} {[%emt 00:00:27]} Rxe6 {[%clk 00:31:52]} {[%emt
00:00:59]} 21. Qc2 {[%clk 00:20:00]} {[%emt 00:06:11]} Bb7 {[%clk 00:31:19]}
{[%emt 00:00:44]} 22. f5 {[%clk 00:16:53]} {[%emt 00:03:16]} Re7 {[%clk
00:28:15]} {[%emt 00:03:14]} 23. Nf4 {[%clk 00:16:05]} {[%emt 00:00:57]} g5
{[%clk 00:26:08]} {[%emt 00:02:18]} 24. Ne6 {[%clk 00:15:10]} {[%emt 00:01:05]}
Qc6 {[%clk 00:23:31]} {[%emt 00:02:47]} 25. Re2 {[%clk 00:12:32]} {[%emt
00:02:48]} Ne5 {[%clk 00:22:16]} {[%emt 00:01:25]} 26. Bxe5 {[%clk 00:12:27]}
{[%emt 00:00:15]} dxe5 {[%clk 00:21:51]} {[%emt 00:00:35]} 27. Rd1 {[%clk
00:11:47]} {[%emt 00:00:50]} Rae8 {[%clk 00:21:35]} {[%emt 00:00:26]} 28. Bf3
{[%clk 00:11:02]} {[%emt 00:00:54]} Kh8 {[%clk 00:19:10]} {[%emt 00:02:36]} 29.
Red2 {[%clk 00:09:40]} {[%emt 00:01:32]} Bc8 {[%clk 00:17:53]} {[%emt
00:01:27]} 30. Rd6 {[%clk 00:07:51]} {[%emt 00:01:59]} Qb7 {[%clk 00:16:37]}
{[%emt 00:01:26]} 31. Bh5 {[%clk 00:06:49]} {[%emt 00:01:11]} Rg8 {[%clk
00:16:02]} {[%emt 00:00:45]} 32. Nd8 {[%clk 00:05:12]} {[%emt 00:01:48]} Qa7
{[%clk 00:15:42]} {[%emt 00:00:29]} 33. Nc6 {[%clk 00:05:05]} {[%emt 00:00:17]}
Qc7 {[%clk 00:14:58]} {[%emt 00:00:53]} 34. Nxe7 {[%clk 00:05:09]} {[%emt
00:00:07]} Qxe7 {[%clk 00:14:58]} {[%emt 00:00:10]} 35. Rxb6 {[%clk 00:04:17]}
{[%emt 00:01:02]} Rd8 {[%clk 00:14:39]} {[%emt 00:00:29]} 36. a4 {[%clk
00:02:51]} {[%emt 00:01:37]} Rd4 {[%clk 00:13:09]} {[%emt 00:01:39]} 37. Rxd4
{[%clk 00:02:44]} {[%emt 00:00:18]} exd4 {[%clk 00:13:17]} {[%emt 00:00:01]} 38.
Qd3 {[%clk 00:02:02]} {[%emt 00:00:53]} Qc7 {[%clk 00:12:49]} {[%emt 00:00:38]}
39. a5 {[%clk 00:02:02]} {[%emt 00:00:10]} Kg8 {[%clk 00:12:44]} {[%emt
00:00:15]} 40. b4 {[%clk 00:02:00]} {[%emt 00:00:13]} cxb4 {[%clk 00:11:36]}
{[%emt 00:01:17]} 41. Qxd4 {[%clk 00:02:08]} {[%emt 00:00:02]} Bf8 {[%clk
00:11:03]} {[%emt 00:00:43]} 42. Qd5+ {[%clk 00:01:24]} {[%emt 00:00:54]} Kg7
{[%clk 00:11:11]} {[%emt 00:00:01]} 43. Rc6 {[%clk 00:01:01]} {[%emt 00:00:33]}
Qa7+ {[%clk 00:09:57]} {[%emt 00:01:24]} 44. Kg2 {[%clk 00:01:10]} {[%emt
00:00:01]} Qb7 {[%clk 00:09:30]} {[%emt 00:00:37]} 45. Rb6 {[%clk 00:00:54]}
{[%emt 00:00:26]} Qe7 {[%clk 00:07:35]} {[%emt 00:02:04]} 46. Kf3 {[%clk
00:00:57]} {[%emt 00:00:08]} Qc7 {[%clk 00:07:02]} {[%emt 00:00:43]} 47. Qc6
{[%clk 00:00:44]} {[%emt 00:00:23]} Qd8 {[%clk 00:05:54]} {[%emt 00:01:18]} 48.
Rb8 {[%clk 00:00:28]} {[%emt 00:00:26]} Qd3+ {[%clk 00:05:51]} {[%emt
00:00:12]} 49. Kg2 {[%clk 00:00:31]} {[%emt 00:00:08]} Qd2+ {[%clk 00:04:38]}
{[%emt 00:01:23]} 50. Kh3 {[%clk 00:00:38]} {[%emt 00:00:03]} g4+ {[%clk
00:04:45]} {[%emt 00:00:04]} 51. Bxg4 {[%clk 00:00:34]} {[%emt 00:00:14]} Qh6+
{[%clk 00:04:39]} {[%emt 00:00:15]} 52. Kg2 {[%clk 00:00:44]} Qd2+ {[%clk
00:04:40]} {[%emt 00:00:09]} 53. Kh3 {[%clk 00:00:51]} {[%emt 00:00:03]} Qh6+
{[%clk 00:04:48]} {[%emt 00:00:02]} 54. Kg2 {[%clk 00:01:00]} {[%emt 00:00:01]}
Qd2+ {[%clk 00:04:56]} {[%emt 00:00:01]} 55. Kf1 {[%clk 00:00:38]} {[%emt
00:00:32]} Qd3+ {[%clk 00:03:36]} {[%emt 00:01:30]} 56. Be2 {[%clk 00:00:39]}
{[%emt 00:00:09]} Qb1+ {[%clk 00:03:01]} {[%emt 00:00:44]} 57. Kf2 {[%clk
00:00:46]} {[%emt 00:00:03]} Qb2 {[%clk 00:02:44]} {[%emt 00:00:28]} 58. Qc7+
{[%clk 00:00:37]} {[%emt 00:00:20]} Kg8 {[%clk 00:02:03]} {[%emt 00:00:51]} 59.
Qxc8 {[%clk 00:00:23]} {[%emt 00:00:24]} Qd4+ {[%clk 00:02:10]} {[%emt
00:00:03]} 60. Kf1 {[%clk 00:00:23]} {[%emt 00:00:10]} Qa1+ {[%clk 00:01:21]}
{[%emt 00:00:59]} 61. Kg2 {[%clk 00:00:32]} 1-0

[Event "PK Jeugd 2020 B"]
[Site "Eindhoven, Netherlands"]
[Date "????.??.??"]
[Round "7.5"]
[White "van Kuijk, Vadim"]
[Black "Kumar, Prajit Sai"]
[Result "0-1"]
[WhiteElo "1697"]
[BlackElo "1627"]

1. d4 {[%clk 00:54:55]} {[%emt 00:00:25]} d5 {[%clk 00:55:18]} {[%emt
00:00:02]} 2. c4 {[%clk 00:54:56]} {[%emt 00:00:09]} dxc4 {[%clk 00:55:24]}
{[%emt 00:00:04]} 3. Nc3 {[%clk 00:53:39]} {[%emt 00:01:26]} Nf6 {[%clk
00:55:15]} {[%emt 00:00:19]} 4. e4 {[%clk 00:52:16]} {[%emt 00:01:34]} e6
{[%clk 00:54:53]} {[%emt 00:00:32]} 5. Bxc4 {[%clk 00:49:26]} {[%emt 00:03:00]}
Be7 {[%clk 00:54:23]} {[%emt 00:00:40]} 6. f4 {[%clk 00:47:53]} {[%emt
00:01:43]} a6 {[%clk 00:53:42]} {[%emt 00:00:51]} 7. a4 {[%clk 00:47:13]}
{[%emt 00:00:49]} c5 {[%clk 00:53:03]} {[%emt 00:00:49]} 8. Nf3 {[%clk
00:45:19]} {[%emt 00:02:05]} cxd4 {[%clk 00:52:51]} {[%emt 00:00:23]} 9. Nxd4
{[%clk 00:45:11]} {[%emt 00:00:18]} Qc7 {[%clk 00:48:08]} {[%emt 00:04:51]} 10.
Qd3 {[%clk 00:43:31]} {[%emt 00:01:51]} O-O {[%clk 00:47:27]} {[%emt 00:00:52]}
11. e5 {[%clk 00:41:37]} {[%emt 00:02:03]} Nfd7 {[%clk 00:47:25]} {[%emt
00:00:13]} 12. O-O {[%clk 00:40:15]} {[%emt 00:01:32]} Rd8 {[%clk 00:46:06]}
{[%emt 00:01:29]} 13. Be3 {[%clk 00:37:14]} {[%emt 00:03:11]} Nc5 {[%clk
00:44:35]} {[%emt 00:01:42]} 14. Qe2 {[%clk 00:32:38]} {[%emt 00:04:46]} b6
{[%clk 00:44:16]} {[%emt 00:00:29]} 15. Rf3 {[%clk 00:29:51]} {[%emt 00:02:56]}
Bb7 {[%clk 00:43:45]} {[%emt 00:00:41]} 16. Rh3 {[%clk 00:28:13]} {[%emt
00:01:49]} g6 {[%clk 00:42:24]} {[%emt 00:01:32]} 17. b4 {[%clk 00:23:30]}
{[%emt 00:04:53]} Ne4 {[%clk 00:41:30]} {[%emt 00:01:04]} 18. Nxe4 {[%clk
00:22:34]} {[%emt 00:01:07]} Bxe4 {[%clk 00:41:38]} {[%emt 00:00:02]} 19. Bxe6
{[%clk 00:21:07]} {[%emt 00:01:37]} Bxb4 {[%clk 00:38:49]} {[%emt 00:02:59]} 20.
Bf2 {[%clk 00:13:08]} {[%emt 00:08:08]} Bb7 {[%clk 00:35:41]} {[%emt 00:03:18]}
21. Bb3 {[%clk 00:10:32]} {[%emt 00:02:46]} Nc6 {[%clk 00:34:25]} {[%emt
00:01:25]} 22. Nf3 {[%clk 00:10:05]} {[%emt 00:00:38]} Na5 {[%clk 00:32:09]}
{[%emt 00:02:26]} 23. Ba2 {[%clk 00:05:32]} {[%emt 00:04:44]} Bxf3 {[%clk
00:31:41]} {[%emt 00:00:38]} 24. Qxf3 {[%clk 00:05:02]} {[%emt 00:00:39]} Rac8
{[%clk 00:31:29]} {[%emt 00:00:22]} 25. g3 {[%clk 00:04:41]} {[%emt 00:00:32]}
Bc5 {[%clk 00:30:43]} {[%emt 00:00:55]} 26. e6 {[%clk 00:03:45]} {[%emt
00:01:06]} Bxf2+ {[%clk 00:30:08]} {[%emt 00:00:45]} 27. Qxf2 {[%clk 00:03:53]}
{[%emt 00:00:01]} Qc3 {[%clk 00:29:51]} {[%emt 00:00:27]} 28. exf7+ {[%clk
00:03:41]} {[%emt 00:00:23]} Kf8 {[%clk 00:28:34]} {[%emt 00:01:27]} 29. Re1
{[%clk 00:03:31]} {[%emt 00:00:19]} Rd2 {[%clk 00:28:06]} {[%emt 00:00:38]} 30.
Qxb6 {[%clk 00:01:27]} {[%emt 00:02:15]} Rxa2 {[%clk 00:27:06]} {[%emt
00:01:09]} 31. Qd6+ {[%clk 00:00:31]} {[%emt 00:01:06]} Kg7 {[%clk 00:27:15]}
32. f8=Q+ {[%clk 00:00:32]} {[%emt 00:00:10]} Rxf8 {[%clk 00:27:21]} {[%emt
00:00:05]} 33. Re7+ {[%clk 00:00:38]} {[%emt 00:00:04]} Rf7 {[%clk 00:27:28]}
{[%emt 00:00:02]} 34. Rxh7+ {[%clk 00:00:32]} {[%emt 00:00:15]} Kxh7 {[%clk
00:27:36]} {[%emt 00:00:03]} 35. Rxf7+ {[%clk 00:00:41]} {[%emt 00:00:02]} Kh6
{[%clk 00:27:42]} {[%emt 00:00:04]} 36. Qf8+ {[%clk 00:00:40]} {[%emt
00:00:11]} Kh5 {[%clk 00:27:49]} {[%emt 00:00:02]} 37. Rh7+ {[%clk 00:00:16]}
{[%emt 00:00:35]} Kg4 {[%clk 00:27:58]} 38. Rh4+ {[%clk 00:00:18]} {[%emt
00:00:08]} Kf3 {[%clk 00:28:06]} {[%emt 00:00:03]} 39. Qa8+ {[%clk 00:00:22]}
{[%emt 00:00:06]} Qc6 {[%clk 00:27:42]} {[%emt 00:00:33]} 40. Qxc6+ {[%clk
00:00:21]} {[%emt 00:00:12]} Nxc6 {[%clk 00:27:47]} {[%emt 00:00:06]} 41. h3
{[%clk 00:00:23]} {[%emt 00:00:07]} Rxa4 {[%clk 00:27:21]} {[%emt 00:00:36]} 42.
f5 {[%clk 00:00:13]} {[%emt 00:00:20]} Rxh4 {[%clk 00:27:13]} {[%emt 00:00:17]}
43. gxh4 {[%clk 00:00:16]} {[%emt 00:00:07]} gxf5 {[%clk 00:27:11]} {[%emt
00:00:13]} 44. h5 {[%clk 00:00:25]} Ne7 {[%clk 00:27:17]} {[%emt 00:00:04]} 45.
h6 {[%clk 00:00:23]} {[%emt 00:00:12]} Kg3 {[%clk 00:27:20]} {[%emt 00:00:06]}
46. h7 {[%clk 00:00:26]} {[%emt 00:00:07]} Ng6 {[%clk 00:27:27]} {[%emt
00:00:04]} 47. h4 {[%clk 00:00:24]} {[%emt 00:00:13]} a5 {[%clk 00:27:24]}
{[%emt 00:00:13]} 48. h5 {[%clk 00:00:30]} {[%emt 00:00:04]} Nh8 {[%clk
00:27:27]} {[%emt 00:00:07]} 49. h6 {[%clk 00:00:36]} {[%emt 00:00:04]} a4
{[%clk 00:27:32]} {[%emt 00:00:05]} 50. Kf1 {[%clk 00:00:41]} {[%emt 00:00:04]}
a3 {[%clk 00:27:37]} {[%emt 00:00:06]} 51. Ke2 {[%clk 00:00:49]} a2 {[%clk
00:27:42]} {[%emt 00:00:05]} 52. Kd2 {[%clk 00:00:55]} {[%emt 00:00:04]} a1=Q
{[%emt 00:00:09]} 0-1

[Event "PK Jeugd 2020 B"]
[Site "Eindhoven, Netherlands"]
[Date "????.??.??"]
[Round "7.6"]
[White "Dumont, Ties"]
[Black "Hooijmans, Max"]
[Result "0-1"]
[WhiteElo "1613"]
[BlackElo "1535"]

1. d4 {[%clk 00:55:18]} d5 {[%clk 00:54:52]} {[%emt 00:00:29]} 2. Nf3 {[%clk
00:55:23]} {[%emt 00:00:04]} Nf6 {[%clk 00:54:58]} {[%emt 00:00:04]} 3. Bf4
{[%clk 00:55:25]} {[%emt 00:00:08]} Bf5 {[%clk 00:54:59]} {[%emt 00:00:08]} 4.
e3 {[%clk 00:55:26]} {[%emt 00:00:09]} e6 {[%clk 00:54:41]} {[%emt 00:00:28]} 5.
c4 {[%clk 00:55:06]} {[%emt 00:00:30]} Bxb1 {[%clk 00:52:40]} {[%emt 00:02:10]}
6. Rxb1 {[%clk 00:48:49]} {[%emt 00:06:28]} Bb4+ {[%clk 00:52:29]} {[%emt
00:00:21]} 7. Ke2 {[%clk 00:48:48]} {[%emt 00:00:10]} O-O {[%clk 00:52:08]}
{[%emt 00:00:31]} 8. a3 {[%clk 00:48:08]} {[%emt 00:00:50]} Bd6 {[%clk
00:51:57]} {[%emt 00:00:21]} 9. Bxd6 {[%clk 00:47:26]} {[%emt 00:00:52]} cxd6
{[%clk 00:51:53]} {[%emt 00:00:14]} 10. Nd2 {[%clk 00:45:09]} {[%emt 00:02:27]}
Nc6 {[%clk 00:50:41]} {[%emt 00:01:21]} 11. f3 {[%clk 00:43:57]} {[%emt
00:01:21]} e5 {[%clk 00:49:58]} {[%emt 00:00:54]} 12. cxd5 {[%clk 00:41:11]}
{[%emt 00:02:56]} Nxd5 {[%clk 00:49:44]} {[%emt 00:00:25]} 13. Qb3 {[%clk
00:40:27]} {[%emt 00:00:53]} Nb6 {[%clk 00:47:42]} {[%emt 00:02:11]} 14. d5
{[%clk 00:39:44]} {[%emt 00:00:53]} Ne7 {[%clk 00:47:31]} {[%emt 00:00:21]} 15.
e4 {[%clk 00:38:47]} {[%emt 00:01:07]} f5 {[%clk 00:47:33]} {[%emt 00:00:08]}
16. g3 {[%clk 00:29:57]} {[%emt 00:09:00]} fxe4 {[%clk 00:47:08]} {[%emt
00:00:36]} 17. fxe4 {[%clk 00:30:05]} {[%emt 00:00:02]} Rc8 {[%clk 00:43:51]}
{[%emt 00:03:27]} 18. Bh3 {[%clk 00:29:53]} {[%emt 00:00:22]} Rc5 {[%clk
00:43:02]} {[%emt 00:00:59]} 19. Be6+ {[%clk 00:29:00]} {[%emt 00:01:03]} Kh8
{[%clk 00:43:03]} {[%emt 00:00:10]} 20. Rbf1 {[%clk 00:28:05]} {[%emt
00:01:04]} Ng6 {[%clk 00:42:31]} {[%emt 00:00:42]} 21. h4 {[%clk 00:24:07]}
{[%emt 00:04:08]} Qe8 {[%clk 00:40:12]} {[%emt 00:02:30]} 22. h5 {[%clk
00:22:52]} {[%emt 00:01:24]} Rxf1 {[%clk 00:40:12]} {[%emt 00:00:09]} 23. Rxf1
{[%clk 00:22:46]} {[%emt 00:00:16]} Nf8 {[%clk 00:40:05]} {[%emt 00:00:18]} 24.
Qf3 {[%clk 00:18:24]} {[%emt 00:04:32]} Nxe6 {[%clk 00:39:16]} {[%emt
00:00:59]} 25. dxe6 {[%clk 00:18:15]} {[%emt 00:00:19]} Qxe6 {[%clk 00:36:53]}
{[%emt 00:02:33]} 26. Qf8+ {[%clk 00:18:18]} {[%emt 00:00:07]} Qg8 {[%clk
00:37:00]} {[%emt 00:00:03]} 27. Qxd6 {[%clk 00:18:18]} {[%emt 00:00:09]} Rc6
{[%clk 00:35:32]} {[%emt 00:01:38]} 28. Qb4 {[%clk 00:13:46]} {[%emt 00:04:43]}
Rc8 {[%clk 00:35:23]} {[%emt 00:00:19]} 29. Nf3 {[%clk 00:12:15]} {[%emt
00:01:41]} Rc4 {[%clk 00:32:36]} {[%emt 00:02:57]} 30. Qe7 {[%clk 00:06:51]}
{[%emt 00:05:33]} Rxe4+ {[%clk 00:32:05]} {[%emt 00:00:41]} 31. Kf2 {[%clk
00:06:13]} {[%emt 00:00:48]} h6 {[%clk 00:29:32]} {[%emt 00:02:43]} 32. Nxe5
{[%clk 00:05:46]} {[%emt 00:00:36]} Kh7 {[%clk 00:28:21]} {[%emt 00:01:21]} 33.
Qd6 {[%clk 00:04:34]} {[%emt 00:01:23]} Qe8 {[%clk 00:27:53]} {[%emt 00:00:37]}
34. Qg6+ {[%clk 00:03:52]} {[%emt 00:00:52]} Qxg6 {[%clk 00:27:56]} {[%emt
00:00:08]} 35. hxg6+ {[%clk 00:03:50]} {[%emt 00:00:12]} Kg8 {[%clk 00:28:01]}
{[%emt 00:00:05]} 36. Rd1 {[%clk 00:03:11]} {[%emt 00:00:50]} Kf8 {[%clk
00:27:17]} {[%emt 00:00:54]} 37. Nf3 {[%clk 00:02:02]} {[%emt 00:01:19]} Ke7
{[%clk 00:25:43]} {[%emt 00:01:44]} 38. Nh4 {[%clk 00:01:52]} {[%emt 00:00:20]}
Rc4 {[%clk 00:24:49]} {[%emt 00:01:04]} 39. Ke3 {[%clk 00:01:16]} {[%emt
00:00:46]} Rc2 {[%clk 00:23:57]} {[%emt 00:01:02]} 40. Rf1 {[%clk 00:00:53]}
{[%emt 00:00:33]} Nd5+ {[%clk 00:22:35]} {[%emt 00:01:33]} 41. Kd3 {[%clk
00:01:02]} Rxb2 {[%clk 00:22:19]} {[%emt 00:00:26]} 42. Rf7+ {[%clk 00:01:09]}
{[%emt 00:00:03]} Ke6 {[%clk 00:21:39]} {[%emt 00:00:49]} 43. Rxg7 {[%clk
00:01:13]} {[%emt 00:00:06]} Rb3+ {[%clk 00:21:04]} {[%emt 00:00:46]} 44. Kd4
{[%clk 00:00:50]} {[%emt 00:00:33]} Rxg3 {[%clk 00:20:46]} {[%emt 00:00:27]} 45.
Kc5 {[%clk 00:00:21]} {[%emt 00:00:40]} Rh3 {[%clk 00:18:50]} {[%emt 00:02:06]}
46. Ng2 {[%clk 00:00:12]} {[%emt 00:00:19]} Rc3+ {[%clk 00:18:41]} {[%emt
00:00:18]} 47. Kd4 {[%clk 00:00:17]} {[%emt 00:00:06]} Rg3 {[%clk 00:18:31]}
{[%emt 00:00:19]} 48. Ne1 {[%clk 00:00:14]} {[%emt 00:00:13]} Ne7 {[%clk
00:17:09]} {[%emt 00:01:32]} 49. Nd3 {[%clk 00:00:12]} {[%emt 00:00:13]} Nf5+
{[%clk 00:17:06]} {[%emt 00:00:13]} 50. Ke4 {[%clk 00:00:18]} {[%emt 00:00:05]}
Nxg7 {[%clk 00:17:02]} {[%emt 00:00:14]} 51. Nf4+ {[%clk 00:00:27]} {[%emt
00:00:01]} Kf6 {[%clk 00:16:32]} 0-1

[Event "PK Jeugd 2020 B"]
[Site "Eindhoven, Netherlands"]
[Date "????.??.??"]
[Round "7.7"]
[White "Moonen, Kevin"]
[Black "Bogouslavskii, Veronique"]
[Result "0-1"]
[WhiteElo "1175"]
[BlackElo "1527"]

1. e4 {[%clk 00:55:18]} {[%emt 00:00:02]} e5 {[%clk 00:54:41]} {[%emt
00:00:40]} 2. Nc3 {[%clk 00:55:18]} {[%emt 00:00:10]} Nc6 {[%clk 00:54:36]}
{[%emt 00:00:15]} 3. Nf3 {[%clk 00:54:31]} {[%emt 00:00:56]} Nf6 {[%clk
00:54:39]} {[%emt 00:00:07]} 4. d4 {[%clk 00:54:26]} {[%emt 00:00:15]} exd4
{[%clk 00:54:43]} {[%emt 00:00:06]} 5. Nxd4 {[%clk 00:54:29]} {[%emt 00:00:08]}
Bb4 {[%clk 00:54:40]} {[%emt 00:00:13]} 6. Bg5 {[%clk 00:53:28]} {[%emt
00:01:10]} h6 {[%clk 00:50:24]} {[%emt 00:04:27]} 7. Bxf6 {[%clk 00:50:29]}
{[%emt 00:03:09]} Qxf6 {[%clk 00:50:25]} {[%emt 00:00:08]} 8. Nde2 {[%clk
00:50:28]} {[%emt 00:00:11]} Bc5 {[%clk 00:47:28]} {[%emt 00:03:08]} 9. f3
{[%clk 00:48:33]} {[%emt 00:02:04]} O-O {[%clk 00:42:47]} {[%emt 00:04:52]} 10.
Qd2 {[%clk 00:44:22]} {[%emt 00:04:21]} Re8 {[%clk 00:40:11]} {[%emt 00:02:46]}
11. O-O-O {[%clk 00:41:24]} {[%emt 00:03:07]} d6 {[%clk 00:38:27]} {[%emt
00:01:54]} 12. Nd5 {[%clk 00:35:36]} {[%emt 00:05:58]} Qd8 {[%clk 00:37:22]}
{[%emt 00:01:15]} 13. Nec3 {[%clk 00:34:48]} {[%emt 00:00:59]} Be6 {[%clk
00:36:11]} {[%emt 00:01:20]} 14. a3 {[%clk 00:29:42]} {[%emt 00:05:16]} Ne7
{[%clk 00:35:39]} {[%emt 00:00:43]} 15. Nxe7+ {[%clk 00:25:05]} {[%emt
00:04:47]} Rxe7 {[%clk 00:35:10]} {[%emt 00:00:39]} 16. Nd5 {[%clk 00:24:24]}
{[%emt 00:00:51]} Re8 {[%clk 00:34:55]} {[%emt 00:00:25]} 17. b4 {[%clk
00:21:48]} {[%emt 00:02:46]} Bb6 {[%clk 00:34:27]} {[%emt 00:00:38]} 18. Nxb6
{[%clk 00:21:09]} {[%emt 00:00:49]} axb6 {[%clk 00:34:01]} {[%emt 00:00:36]} 19.
Kb2 {[%clk 00:20:28]} {[%emt 00:00:50]} Qf6+ {[%clk 00:33:54]} {[%emt
00:00:17]} 20. Qd4 {[%clk 00:19:50]} {[%emt 00:00:48]} Qf4 {[%clk 00:29:30]}
{[%emt 00:04:35]} 21. Bc4 {[%clk 00:17:12]} {[%emt 00:02:48]} Bxc4 {[%clk
00:28:33]} {[%emt 00:01:06]} 22. Qxc4 {[%clk 00:17:14]} {[%emt 00:00:08]} Qe5+
{[%clk 00:27:56]} {[%emt 00:00:47]} 23. Qd4 {[%clk 00:15:43]} {[%emt 00:01:42]}
Qb5 {[%clk 00:27:17]} {[%emt 00:00:47]} 24. Qd5 {[%clk 00:14:09]} {[%emt
00:01:43]} Qxd5 {[%clk 00:16:31]} {[%emt 00:10:59]} 25. Rxd5 {[%clk 00:14:11]}
{[%emt 00:00:07]} f6 {[%clk 00:15:51]} {[%emt 00:00:51]} 26. Rhd1 {[%clk
00:13:11]} {[%emt 00:01:10]} Kf7 {[%clk 00:15:44]} {[%emt 00:00:16]} 27. R1d3
{[%clk 00:11:46]} {[%emt 00:01:35]} Re7 {[%clk 00:14:57]} {[%emt 00:00:58]} 28.
c3 {[%clk 00:09:10]} {[%emt 00:02:47]} Re5 {[%clk 00:13:40]} {[%emt 00:01:26]}
29. c4 {[%clk 00:07:21]} {[%emt 00:01:59]} Ke7 {[%clk 00:12:45]} {[%emt
00:01:05]} 30. Rxe5+ {[%clk 00:06:04]} {[%emt 00:01:27]} fxe5 {[%clk 00:12:45]}
{[%emt 00:00:10]} 31. Rc3 {[%clk 00:04:39]} {[%emt 00:01:35]} Rf8 {[%clk
00:11:23]} {[%emt 00:01:32]} 32. Kc2 {[%clk 00:04:05]} {[%emt 00:00:44]} Kd7
{[%clk 00:11:18]} {[%emt 00:00:16]} 33. Rd3 {[%clk 00:03:47]} {[%emt 00:00:26]}
h5 {[%clk 00:11:11]} {[%emt 00:00:17]} 34. h4 {[%clk 00:03:49]} {[%emt
00:00:09]} Rf4 {[%clk 00:10:53]} {[%emt 00:00:27]} 35. g3 {[%clk 00:03:38]}
{[%emt 00:00:22]} Rf6 {[%clk 00:10:54]} {[%emt 00:00:09]} 36. Kd2 {[%clk
00:02:36]} {[%emt 00:01:12]} Rg6 {[%clk 00:10:57]} {[%emt 00:00:06]} 37. f4
{[%clk 00:02:37]} {[%emt 00:00:10]} exf4 {[%clk 00:11:01]} {[%emt 00:00:06]} 38.
gxf4 {[%clk 00:02:44]} {[%emt 00:00:03]} Rg4 {[%clk 00:11:03]} {[%emt
00:00:08]} 39. Ke3 {[%clk 00:02:16]} {[%emt 00:00:38]} Rxh4 {[%clk 00:11:05]}
{[%emt 00:00:08]} 40. Rd5 {[%clk 00:02:08]} {[%emt 00:00:18]} Ke7 {[%clk
00:09:49]} {[%emt 00:01:27]} 41. Rg5 {[%clk 00:01:48]} {[%emt 00:00:29]} Kf6
{[%clk 00:09:41]} {[%emt 00:00:17]} 42. Kf3 {[%clk 00:01:27]} {[%emt 00:00:32]}
Rh3+ {[%clk 00:09:25]} {[%emt 00:00:26]} 43. Rg3 {[%clk 00:01:35]} {[%emt
00:00:02]} Rh1 {[%clk 00:07:56]} {[%emt 00:01:39]} 44. Ke2 {[%clk 00:00:53]}
{[%emt 00:00:52]} Rb1 {[%clk 00:07:46]} {[%emt 00:00:20]} 45. Rh3 {[%clk
00:00:50]} {[%emt 00:00:12]} g6 {[%clk 00:07:22]} {[%emt 00:00:35]} 46. Kd2
{[%clk 00:00:48]} {[%emt 00:00:12]} Rb2+ {[%clk 00:07:06]} {[%emt 00:00:26]} 47.
Kd1 {[%clk 00:00:22]} {[%emt 00:00:36]} Rf2 {[%clk 00:07:14]} {[%emt 00:00:02]}
48. f5 {[%clk 00:00:18]} {[%emt 00:00:14]} Rf4 {[%clk 00:06:45]} {[%emt
00:00:38]} 49. fxg6 {[%clk 00:00:19]} {[%emt 00:00:10]} Kxg6 {[%clk 00:06:54]}
{[%emt 00:00:01]} 50. Re3 {[%clk 00:00:23]} {[%emt 00:00:06]} Kg5 {[%clk
00:06:36]} {[%emt 00:00:28]} 51. Ke2 {[%clk 00:00:14]} {[%emt 00:00:20]} Kg4
{[%clk 00:06:31]} {[%emt 00:00:15]} 52. a4 {[%clk 00:00:13]} {[%emt 00:00:10]}
h4 {[%clk 00:06:25]} {[%emt 00:00:15]} 53. b5 {[%clk 00:00:13]} {[%emt
00:00:12]} h3 {[%clk 00:06:30]} {[%emt 00:00:04]} 54. Kd3 {[%clk 00:00:18]}
{[%emt 00:00:05]} Rf3 {[%clk 00:06:26]} {[%emt 00:00:14]} 0-1